000 00705nas a2200241 4500
001 BR9506667
003 BR-BrBNA
005 20231205094224.0
007 ta
008 230509b bl.|||p| |||| 00| 00por d
040 _aBR-BrBNA
_bpor
_cBiblioteca Nacional de Agricultura
041 _a(Pt)
072 _aP34; F30
100 1 _aCampelo, A.B.
100 1 _aCampelo, C.R.
245 1 _aEficiencia da inoculacao cruzada entre as especies da subfamilia Mimosoideae
650 _aMimosoideae
650 _aInoculacao
650 _aCruzamento Vegetal
773 0 _tAgronomia (Brazil)
_x
_g(Jan-Dec 1971), v. 29 p. 15-22
_wBR9506667
909 _a202311
_bLúcia
_c55
_dLúcia Elande
942 _2AGRIS
_n0
_cANA
999 _c142891
_d142891